Les stades des équipes des grandes championnats de rugby - Statistiques

Statistiques générales
  • Ce quiz a été pris 1 148 fois
  • Le résultat moyen est 12 sur 51
Statistiques - réponses
Hint Réponse % Correct
Stade Toulousain Stade Ernest-Wallon
93%
RC Toulon Stade Félix-Mayol
89%
Stade Français Stade Jean-Bouin
88%
Union Bordeaux-Bègles Stade Chaban-Delmas
80%
ASM Clermont-Auvergne Stade Marcel-Michelin
80%
LOU Rugby Matmut Stadium Gerland
76%
Racing 92 Paris La Défense Arena
75%
Aviron Bayonnais Stade Jean-Dauger
74%
Section Paloise Stade du Hameau
71%
RC Vannes Stade de la Rabine
70%
Stade Rochelais Stade Marcel-Deflandre
69%
Castres Olympique Stade Pierre-Fabre
56%
USA Perpignan Stade Aimé-Giral
53%
Montpellier HR GGL Stadium
47%
Munster Thomond Park
22%
Blues Eden Park
20%
Harlequins The Stoop
17%
Cardiff Arms Park
9%
Ulster Kingspan Stadium
7%
Leinster RDS Arena
7%
Exeter Chiefs Sandy Park
7%
Stormers DHL Stadium
6%
Lions Ellis Park Stadium
6%
Bath The Recreation Ground
6%
Waratahs Allianz Stadium
3%
Sharks Kings Park Stadium
3%
Scarlets Parc y Scarlets
3%
Hurricanes Sky Stadium
3%
Leicester Tigers Welford Road Stadium
3%
Bristol Bears Ashton Gate Stadium
2%
Connacht Dexcom Stadium
2%
Highlanders Forsyth Barr Stadium
2%
Northampton Saints Franklin's Gardens
2%
Gloucester Kingsholm Stadium
2%
Bulls Loftus Versfled Stadium
2%
Benetton Trévise Stadio Comunale di Monigo
2%
Saracens StoneX Stadium
2%
Queensland Reds Suncorp Stadium
2%
Crusaders Apollo Projects Stadium
1%
Fijian Drua Churchill Park
1%
Chiefs FMG Stadium Waikato
1%
Brumbies GIO Stadium
1%
Western Force HBF Park
1%
Édimbourg Hive Stadium
1%
Newcastle Falcons Kingston Park
1%
Moana Pasifika Mount Smart Stadium
1%
Dragons Rodney Parade
1%
Sale Sharks Salford Community Stadium
1%
Glasgow Warriors Scotsoun Stadium
1%
Zebre Parma Stadio Sergio Lanfranchi
1%
Ospreys Swansea.com Stadium
1%
Aucun quiz correspondant
Distribution des résultats
% des personnes avec chaque résultat
Percentile par nombre de réponses
Votre historique - résultats
Vous n’avez pas pris ce quiz